MARC details
| 000 -CABECERA |
| campo de control de longitud fija |
01928nam a2200301 a 4500 |
| 005 - FECHA Y HORA DE LA ÚLTIMA TRANSACCIÓN |
| campo de control |
20240203063619.0 |
| 008 - DATOS DE LONGITUD FIJA--INFORMACIÓN GENERAL |
| campo de control de longitud fija |
230216t2022 sp |||||rb||| 000 0 spa d |
| 020 ## - NÚMERO INTERNACIONAL NORMALIZADO PARA LIBROS |
| Número Internacional Normalizado del libro |
9788437624693 |
| 040 ## - FUENTE DE CATALOGACIÓN |
| Agencia de catalogación original |
MX-MxUPN |
| Idioma de catalogación |
spa |
| Agencia que realiza la transcripción |
MX-MxUPN |
| 041 0# - |
| -- |
spa |
| 050 00 - |
| -- |
HQ1155 |
| -- |
D48 2022 |
| 245 00 - MENCIÓN DE TÍTULO |
| Título |
Descolonizando el feminismo : |
| Parte restante del título |
teorías y prácticas desde los márgenes |
| 250 ## - MENCIÓN DE EDICIÓN |
| Mención de edición |
Sexta edición. |
| 260 ## - PUBLICACION, DISTRIBUCION, ETC. (PIE DE IMPRENTA) |
| Lugar de publicación, distribución, etc. |
Madrid : |
| Nombre del editor, distribuidor, etc. |
Cátedra |
| 260 ## - PUBLICACION, DISTRIBUCION, ETC. (PIE DE IMPRENTA) |
| Lugar de publicación, distribución, etc. |
[València] : |
| Nombre del editor, distribuidor, etc. |
Universitat de València, |
| Fecha de publicación, distribución, etc. |
©2022 |
| 300 ## - DESCRIPCIÓN FÍSICA |
| Extensión |
469 páginas |
| 490 0# - |
| -- |
Feminismos |
| 504 ## - |
| -- |
Incluye referencias bibliográficas. |
| 505 0# - |
| -- |
Colonialismo, gobernabilidad y feminismos poscoloniales /Liliana Suárez Navaz -- |
| -- |
Feminismos poscoloniales: reflexiones desde el sur del Río Bravo / |
| -- |
Rosalva Aída Hernández Castillo -- |
| -- |
Bajo los ojos de occidente: feminismo académico y discursos coloniales / |
| -- |
Chandra Talpade Mohanty -- |
| -- |
Teoría feminista y el agente dócil: algunas reflexiones sobre el renacimiento islámico en Egipto / |
| -- |
Saba Mahmood -- |
| -- |
Cuestionando la teoría: género, poder e identidad en el contexto africano / |
| -- |
Amina Mama -- |
| -- |
Feminismos islámicos: peligros y promesas / |
| -- |
Nayereh Tohidi -- |
| -- |
La política de los derechos de las mujeres y la diversidad cultural en Uganda / |
| -- |
Aili Mari Tripp -- |
| -- |
Mujeres indígenas americanas luchando por sus derechos / |
| -- |
Tarcila Rivera -- |
| -- |
Las hijas de Cuauhtémoc:fFeminismo chicano y prensa cultural 1968-1973 / |
| -- |
Maylei Blackwell -- |
| -- |
De vuelta a Bajo los ojos de Occidente : la solidaridad feminista a través de las luchas anticapitalistas / |
| -- |
Chandra Talpade Mohanty. |
| 650 #4 - |
| -- |
Feminismo |
| -- |
8967 |
| 650 #4 - |
| -- |
Mujeres |
| -- |
Condiciones sociales |
| -- |
1584 |
| 700 1# - |
| -- |
Suárez Navaz, Liliana |
| -- |
48162 |
| -- |
editora |
| 700 1# - |
| -- |
Hernández Castillo, Rosalva Aída |
| -- |
48163 |
| -- |
editora |
| 902 ## - ELEMENTOS DE DATOS B LOCAL, LDB (RLIN) |
| Creó |
MarisolLicea/160223 |
| Modificó |
Víctor Ruiz/080323 |
| 942 ## - ELEMENTOS DE PUNTO DE ACCESO ADICIONAL (KOHA) |
| Fuente del sistema de clasificación o colocación |
Library of Congress Classification |
| Tipo de ítem Koha |
Libro |